Toward a Weberian Characterization of the Stroessner Regime = Hacia la caracterización Weberiana del Régimen Stroessner en Paraguay (1954-1989) /
Shranjeno v:
| Glavni avtor: | |
|---|---|
| Format: | Neznan |
| Teme: | |
| Oznake: |
Označite
Brez oznak, prvi označite!
|
MARC
| LEADER | 000000000a22000000004500 | ||
|---|---|---|---|
| 001 | 004919 | ||
| 100 | 1 | |a Riquelme, Marcial Antonio | |
| 245 | 1 | 0 | |a Toward a Weberian Characterization of the Stroessner Regime = |b Hacia la caracterización Weberiana del Régimen Stroessner en Paraguay (1954-1989) / |c Marcial Antonio Riquelme. |
| 246 | 3 | 1 | |a Hacia la caracterización Weberiana del Régimen Stroessner en Paraguay (1954-1989) |
| 310 | |a semestral | ||
| 500 | |a Título paralelo: Hacia la caracterización Weberiana del Régimen Stroessner en Paraguay (1954-1989) | ||
| 650 | 4 | |a WEBER | |
| 650 | 4 | |a PARAGUAY | |
| 650 | 4 | |a REGIMENES POLITICOS | |
| 650 | 4 | |a AUTORITARISMO | |
| 773 | 0 | |x 0924-0608 |d CEDLA |t Revista Europea de Estudios Latinoamericanos y del Caribe |g número 57, páginas 29-52 | |
| 942 | |c ARC | ||
| 999 | |c 11549 |d 11549 | ||
